000
00393nam a22001577a 4500
003
MPLRDC
005
20220104123400.0
008
210129b ||||| |||| 00| 0 eng d
082
_a
943.97 HJ
100
_a
宏基出版社编辑部
245
_a
实用钢笔字帖
_c
260
_a
_b
宏基出版社
_c
300
_b
平
650
_a
法帖; 碑帖--钢笔字帖
942
_c
BK
_o
943.97 HJ
999
_c
10983
_d
10973